000 01016nam a22002897a 4500
001 3512
003 FISKH
005 20250826090338.0
008 240314b cb ||||| |||| 00| 0 eng d
020 _a9789814281171
040 _aFISKH
_beng
_cFISKH
_dFISKH
050 _aPS3537.M448
082 _a428.6
100 _aSmith, Annette
_eauthor
245 _aThe ugly duckling /
_cRetold by Annette Smith ; illustrated by Pat Reynolds
260 _aNew Zealand :
_bNelson Price Milburn ,
_c1998
300 _a32 pages :
_bcolor illustrations ;
_c22 cm .
490 _aPM Traditional Tales and Plays
505 _aK
520 _aA collection of simplified short versions of well known traditional tales. PM Tales and Plays retell the tale in story form and as plays in language that children can actually read.
521 8 _a520
_bLexile
521 8 _aK
_bRaz-Plus
650 _augly duckling
_vFairy tale
700 _aReynolds, Pat
_eillustrator
942 _2ddc
_cBK
_n0
999 _c3512
_d3512